| 000 | 00536nam a2200181Ia 4500 | ||
|---|---|---|---|
| 008 | 140626s9999 xx 000 0 und d | ||
| 100 | _aWilkins, David. | ||
| 245 |
_aEthical dilemmas in social work practice with disabled people : _b the use of physical restraint / _cDavid Wilkins. |
||
| 260 | _cc2012. | ||
| 300 | _a16 : 2, page 127 | ||
| 440 | _aJournal of Intellectual Disabilities | ||
| 521 | _aSPED | ||
| 650 | _a Restraint. | ||
| 650 | _aDisability. | ||
| 650 | _aHuman rights. | ||
| 650 | _aSocial work. | ||
| 942 | _cSE | ||
| 999 |
_c120945 _d120945 |
||